000 00979cam a2200241 4500
001 WB3637-20
008 000000n2000 000 0 eng u
035 _a(Sirsi) u108400
245 _aInquiry into telcos' mast rental deals
260 _c2000
490 _aEstates Gazette
_v(0037) 16 September 2000, 37(1)
520 _aOFT promises to consider an inquiry into the practices of mobile phone operators under the Competition Act 1998. Landlords accuse operators of using uncompetitive practices in their negotiations. The main complaint is that operators are stopping the growth of a transparent market by keeping the variation of rent levels around the UK a secret. See WB3635-36.
590 _aWB
650 _aMOBILE PHONE COMPANIES
650 _aCOMPETITION ACT 1998
650 _aOFT
650 _aLEASE TERMS
650 _aRENTAL LEVELS
650 _aTRANSPARENCY
650 _aMOBILE PHONE MASTS
690 _aTRANSPORT AND COMMUNICATIONS
942 _n0
999 _c64719
_d64719